[Event "POL-ch Women MOKATE 2020"]
[Site "Ostrow Wielkopolski"]
[Date "2020.08.10"]
[Round "7.3"]
[White "Kubicka, Anna"]
[Black "Antolak, Julia"]
[Result "1/2-1/2"]
[WhiteElo "2256"]
[BlackElo "2323"]
[Annotator "ChessBase"]
[PlyCount "111"]
[EventDate "2020.08.04"]
[EventType "tourn"]
[EventCountry "POL"]
[SourceTitle "playchess.com"]
[Source "ChessBase"]
[SourceQuality "1"]
[TimeControl "40/5400+30:1800+30"]

1. Nf3 {[%emt 0:00:00]} Nf6 {[%emt 0:00:00]} 2. d4 {[%emt 0:00:00]} c5 {[%emt 0:00:51]} 3. d5 {[%emt 0:00:00]} b5 {[%emt 0:01:36]} 4. g3 {[%emt 0:01:26]} d6 {[%emt 0:02:57]} 5. e4 {[%emt 0:02:54]} a6 {[%emt 0:05:40]} 6. Bg2 {[%emt 0:11:57]} g6 {[%emt 0:05:17]} 7. O-O {[%emt 0:02:23]} Bg7 {[%emt 0:02:19]} 8. Re1 {[%emt 0:05:34]} O-O {[%emt 0:02:27]} 9. h3 {[%emt 0:00:59]} Bb7 {[%emt 0:02:14]} 10. c3 {[%emt 0:01:46]} Nbd7 {[%emt 0:02:01]} 11. b3 {[%emt 0:05:59]} Nb6 {[%emt 0:09:26]} 12. Bb2 {[%emt 0:02:47]} Nfd7 {[%emt 0:02:28]} 13. Qc2 {[%emt 0:00:31]} Re8 {[%emt 0:05:13]} 14. Nbd2 {[%emt 0:02:54]} c4 {[%emt 0:05:41]} 15. bxc4 {[%emt 0:05:08]} bxc4 {[%emt 0:01:17]} 16. Bf1 {[%emt 0:01:26]} Rc8 {[%emt 0:04:03]} 17. Ba3 {[%emt 0:00:57]} a5 {[%emt 0:07:41]} 18. Rab1 {[%emt 0:01:08]} Ba6 {[%emt 0:02:06]} 19. Kh2 {[%emt 0:04:29]} Qc7 {[%emt 0:01:44]} 20. Nd4 {[%emt 0:03:29]} e6 {[%emt 0:05:14]} 21. dxe6 {[%emt 0:11:17]} fxe6 {[%emt 0:00:04]} 22. Nb5 {[%emt 0:01:27]} Bxb5 {[%emt 0:00:05]} 23. Rxb5 {[%emt 0:00:03]} d5 {[%emt 0:08:32]} 24. Bg2 {[%emt 0:02:45]} d4 {[%emt 0:04:02]} 25. cxd4 {[%emt 0:01:12]} Bxd4 {[%emt 0:00:06]} 26. Nf3 {[%emt 0:01:24]} Bg7 {[%emt 0:02:32]} 27. e5 {[%emt 0:03:12]} Nd5 {[%emt 0:01:48]} 28. Bd6 {[%emt 0:00:38]} Qa7 {[%emt 0:00:37]} 29. Reb1 {[%emt 0:01:40]} Qa6 {[%emt 0:02:49]} 30. a4 {[%emt 0:01:28]} Bf8 {[%emt 0:01:50]} 31. Bxf8 {[%emt 0:02:11]} Rxf8 {[%emt 0:00:09]} 32. Ng5 {[%emt 0:03:21]} Nc5 {[%emt 0:04:30]} 33. Bxd5 {[%emt 0:04:00]} exd5 {[%emt 0:00:08]} 34. Nxh7 {[%emt 0:01:02]} Kxh7 {[%emt 0:06:37]} 35. Rb6 {[%emt 0:00:06]} Ne4 {[%emt 0:01:16]} 36. Rxa6 {[%emt 0:01:03]} Rxf2+ {[%emt 0:00:05]} 37. Qxf2 {[%emt 0:00:02]} Nxf2 {[%emt 0:00:06]} 38. Rb7+ {[%emt 0:00:20]} Kh6 {[%emt 0:00:40]} 39. Raa7 {[%emt 0:01:35]} c3 {[%emt 0:00:46]} 40. Rh7+ {[%emt 0:00:00]} Kg5 {[%emt 0:00:00]} 41. Raf7 {[%emt 0:25:14]} Rc4 {[%emt 0:16:57]} 42. h4+ {[%emt 0:19:21]} Kg4 {[%emt 0:00:15]} 43. Rhg7 {[%emt 0:00:53]} c2 {[%emt 0:03:43]} 44. Rxg6+ {[%emt 0:00:25]} Kh5 {[%emt 0:00:05]} 45. Rg5+ {[%emt 0:00:36]} Kh6 {[%emt 0:00:05]} 46. Rf6+ {[%emt 0:00:57]} Kh7 {[%emt 0:00:01]} 47. Rh5+ {[%emt 0:00:15]} Kg7 {[%emt 0:00:21]} 48. Rg5+ {[%emt 0:00:02]} Kh7 {[%emt 0:00:06]} 49. Rf7+ {[%emt 0:01:09]} Kh6 {[%emt 0:01:25]} 50. Rf6+ {[%emt 0:00:46]} Kh7 {[%emt 0:00:07]} 51. Rxf2 {[%emt 0:00:37]} c1=Q {[%emt 0:00:35]} 52. Rf7+ {[%emt 0:00:02]} Kh6 {[%emt 0:00:33]} 53. Rf6+ {[%emt 0:00:12]} Kh7 {[%emt 0:00:02]} 54. Rf7+ {[%emt 0:00:34]} Kh6 {[%emt 0:00:05]} 55. Rf6+ {[%emt 0:00:02]} Kh7 {[%emt 0:00:03]} 56. Rf7+ {[%emt 0:00:01]} 1/2-1/2

[Event "POL-ch Women MOKATE 2020"]
[Site "Ostrow Wielkopolski"]
[Date "2020.08.10"]
[Round "7.4"]
[White "Waszczuk, Patrycja"]
[Black "Kulon, Klaudia"]
[Result "1-0"]
[WhiteElo "2321"]
[BlackElo "2336"]
[Annotator "ChessBase"]
[PlyCount "81"]
[EventDate "2020.08.04"]
[EventType "tourn"]
[EventCountry "POL"]
[SourceTitle "playchess.com"]
[Source "ChessBase"]
[SourceQuality "1"]
[TimeControl "40/5400+30:1800+30"]

1. e4 {[%emt 0:00:00]} c5 {[%emt 0:00:00]} 2. Nf3 {[%emt 0:00:00]} Nc6 {[%emt 0:00:00]} 3. d4 {[%emt 0:00:00]} cxd4 {[%emt 0:00:00]} 4. Nxd4 {[%emt 0:00:00]} e5 {[%emt 0:00:00]} 5. Nb5 {[%emt 0:00:00]} d6 {[%emt 0:00:00]} 6. c4 {[%emt 0:00:10]} Be7 {[%emt 0:00:29]} 7. N1c3 {[%emt 0:00:30]} a6 {[%emt 0:00:06]} 8. Na3 {[%emt 0:00:05]} f5 {[%emt 0:00:14]} 9. exf5 {[%emt 0:06:05]} Bxf5 {[%emt 0:00:03]} 10. Be3 {[%emt 0:01:19]} Nf6 {[%emt 0:00:51]} 11. Be2 {[%emt 0:02:03]} O-O {[%emt 0:02:54]} 12. O-O {[%emt 0:01:24]} Qd7 {[%emt 0:07:16]} 13. Nd5 {[%emt 0:01:42]} Rae8 {[%emt 0:05:21]} 14. Nc2 {[%emt 0:04:29]} Bd8 {[%emt 0:03:57]} 15. Rc1 {[%emt 0:06:08]} Kh8 {[%emt 0:03:48]} 16. Ncb4 {[%emt 0:02:29]} a5 {[%emt 0:06:43]} 17. Nxf6 {[%emt 0:06:04]} gxf6 {[%emt 0:00:02]} 18. Nd5 {[%emt 0:04:50]} Rg8 {[%emt 0:00:02]} 19. Kh1 {[%emt 0:09:54]} Be4 {[%emt 0:18:37]} 20. f3 {[%emt 0:00:28]} Bg6 {[%emt 0:00:34]} 21. a3 {[%emt 0:07:34]} Qg7 {[%emt 0:01:28]} 22. Rg1 {[%emt 0:01:44]} f5 {[%emt 0:01:53]} 23. f4 {[%emt 0:04:11]} Bf7 {[%emt 0:04:58]} 24. Rc3 {[%emt 0:01:34]} Re6 {[%emt 0:07:13]} 25. g4 {[%emt 0:09:51]} fxg4 {[%emt 0:07:12]} 26. f5 {[%emt 0:00:09]} Ree8 {[%emt 0:00:24]} 27. Bxg4 {[%emt 0:00:51]} Qf8 {[%emt 0:02:33]} 28. f6 {[%emt 0:04:44]} Nd4 {[%emt 0:06:59]} 29. Rf1 {[%emt 0:01:31]} Ne6 {[%emt 0:08:00]} 30. Qf3 {[%emt 0:06:03]} e4 {[%emt 0:05:08]} 31. Qh3 {[%emt 0:04:20]} Ng5 {[%emt 0:01:18]} 32. Qh4 {[%emt 0:02:14]} Re5 {[%emt 0:00:33]} 33. Rf5 {[%emt 0:03:58]} Rxf5 {[%emt 0:00:50]} 34. Bxf5 {[%emt 0:00:06]} h6 {[%emt 0:00:05]} 35. Ne7 {[%emt 0:01:30]} Nf3 {[%emt 0:02:33]} 36. Qxe4 {[%emt 0:01:45]} Ng5 {[%emt 0:00:02]} 37. Qh4 {[%emt 0:01:23]} Be8 {[%emt 0:00:55]} 38. Bd4 {[%emt 0:01:30]} Nf7 {[%emt 0:01:35]} 39. Nxg8 {[%emt 0:01:30]} Qxg8 {[%emt 0:00:46]} 40. Rg3 {[%emt 0:00:00]} Qf8 {[%emt 0:00:00]} 41. Qg4 {[%emt 0:03:08]} 1-0

[Event "POL-ch Women MOKATE 2020"]
[Site "Ostrow Wielkopolski"]
[Date "2020.08.10"]
[Round "7.5"]
[White "Majdan, Joanna"]
[Black "Socko, Monika"]
[Result "1-0"]
[WhiteElo "2325"]
[BlackElo "2428"]
[Annotator "ChessBase"]
[PlyCount "155"]
[EventDate "2020.08.04"]
[EventType "tourn"]
[EventCountry "POL"]
[SourceTitle "playchess.com"]
[Source "ChessBase"]
[SourceQuality "1"]
[TimeControl "40/5400+30:1800+30"]

1. e4 {[%emt 0:00:00]} c5 {[%emt 0:00:00]} 2. Nf3 {[%emt 0:00:00]} Nc6 {[%emt 0:00:00]} 3. d4 {[%emt 0:00:00]} cxd4 {[%emt 0:00:00]} 4. Nxd4 {[%emt 0:00:00]} e5 {[%emt 0:00:00]} 5. Nb5 {[%emt 0:00:00]} d6 {[%emt 0:00:00]} 6. c4 {[%emt 0:01:10]} Be7 {[%emt 0:00:00]} 7. N1c3 {[%emt 0:01:15]} a6 {[%emt 0:00:03]} 8. Na3 {[%emt 0:00:04]} f5 {[%emt 0:00:38]} 9. exf5 {[%emt 0:00:05]} Bxf5 {[%emt 0:00:04]} 10. Bd3 {[%emt 0:00:52]} Be6 {[%emt 0:00:25]} 11. O-O {[%emt 0:05:14]} Nf6 {[%emt 0:00:07]} 12. Nc2 {[%emt 0:02:42]} O-O {[%emt 0:00:05]} 13. Bg5 {[%emt 0:06:33]} Ng4 {[%emt 0:10:32]} 14. Bxe7 {[%emt 0:01:10]} Qxe7 {[%emt 0:00:37]} 15. h3 {[%emt 0:12:15]} Nf6 {[%emt 0:07:50]} 16. Nd5 {[%emt 0:14:49]} Qf7 {[%emt 0:00:53]} 17. Nxf6+ {[%emt 0:00:38]} gxf6 {[%emt 0:03:02]} 18. b3 {[%emt 0:03:17]} f5 {[%emt 0:03:37]} 19. f4 {[%emt 0:00:04]} Rad8 {[%emt 0:01:23]} 20. Qe1 {[%emt 0:03:17]} Qg7 {[%emt 0:01:55]} 21. Rd1 {[%emt 0:03:38]} Kh8 {[%emt 0:00:57]} 22. Rd2 {[%emt 0:01:22]} Rde8 {[%emt 0:09:32]} 23. Be2 {[%emt 0:03:30]} Rd8 {[%emt 0:11:29]} 24. Bf3 {[%emt 0:03:50]} e4 {[%emt 0:01:59]} 25. Be2 {[%emt 0:02:00]} d5 {[%emt 0:00:52]} 26. cxd5 {[%emt 0:00:05]} Rxd5 {[%emt 0:03:39]} 27. Rxd5 {[%emt 0:01:00]} Bxd5 {[%emt 0:00:01]} 28. Ne3 {[%emt 0:00:18]} Be6 {[%emt 0:01:01]} 29. Bc4 {[%emt 0:00:38]} Bxc4 {[%emt 0:00:59]} 30. bxc4 {[%emt 0:00:42]} Nd4 {[%emt 0:02:20]} 31. Kh1 {[%emt 0:01:46]} Ne6 {[%emt 0:01:38]} 32. Qa5 {[%emt 0:01:30]} Qf6 {[%emt 0:01:45]} 33. Qb6 {[%emt 0:03:54]} Qd4 {[%emt 0:10:24]} 34. Qxe6 {[%emt 0:01:55]} Qxe3 {[%emt 0:00:04]} 35. Qe5+ {[%emt 0:00:05]} Kg8 {[%emt 0:00:09]} 36. Rd1 {[%emt 0:08:31]} Qg3 {[%emt 0:02:12]} 37. Rd7 {[%emt 0:00:07]} Qg6 {[%emt 0:00:09]} 38. Rxb7 {[%emt 0:01:30]} Rd8 {[%emt 0:03:33]} 39. Re7 {[%emt 0:01:03]} h5 {[%emt 0:01:52]} 40. h4 {[%emt 0:00:00]} Rf8 {[%emt 0:00:00]} 41. c5 {[%emt 0:05:57]} Qf6 {[%emt 0:06:27]} 42. Qxf6 {[%emt 0:00:26]} Rxf6 {[%emt 0:00:01]} 43. Kg1 {[%emt 0:00:21]} Kf8 {[%emt 0:04:37]} 44. Re5 {[%emt 0:00:02]} Kg7 {[%emt 0:00:07]} 45. Kf2 {[%emt 0:00:09]} Rf8 {[%emt 0:03:40]} 46. Ke3 {[%emt 0:01:28]} Kf6 {[%emt 0:00:40]} 47. Rd5 {[%emt 0:00:12]} Rg8 {[%emt 0:00:41]} 48. Rd6+ {[%emt 0:01:31]} Ke7 {[%emt 0:00:08]} 49. Rxa6 {[%emt 0:02:09]} Rxg2 {[%emt 0:01:00]} 50. Kd4 {[%emt 0:00:21]} Kd7 {[%emt 0:03:13]} 51. Ke5 {[%emt 0:00:46]} Rc2 {[%emt 0:10:43]} 52. Kxf5 {[%emt 0:00:16]} e3 {[%emt 0:00:01]} 53. Rd6+ {[%emt 0:02:24]} Kc7 {[%emt 0:00:28]} 54. Rd3 {[%emt 0:02:30]} e2 {[%emt 0:03:36]} 55. Re3 {[%emt 0:00:04]} Kc6 {[%emt 0:00:02]} 56. Kg6 {[%emt 0:06:07]} Kxc5 {[%emt 0:00:21]} 57. f5 {[%emt 0:00:04]} Kd4 {[%emt 0:00:02]} 58. Re8 {[%emt 0:00:31]} Kd3 {[%emt 0:00:38]} 59. f6 {[%emt 0:01:02]} Rc1 {[%emt 0:01:28]} 60. f7 {[%emt 0:00:28]} Rg1+ {[%emt 0:00:04]} 61. Kxh5 {[%emt 0:05:34]} Rf1 {[%emt 0:00:02]} 62. Kg6 {[%emt 0:02:47]} Rg1+ {[%emt 0:00:03]} 63. Kh7 {[%emt 0:00:13]} Rf1 {[%emt 0:00:02]} 64. Kg7 {[%emt 0:02:34]} Rg1+ {[%emt 0:00:04]} 65. Kf8 {[%emt 0:01:59]} e1=R {[%emt 0:05:35]} 66. Rxe1 {[%emt 0:00:08]} Rxe1 {[%emt 0:00:02]} 67. h5 {[%emt 0:00:33]} Kc4 {[%emt 0:11:59]} 68. h6 {[%emt 0:00:19]} Rh1 {[%emt 0:00:03]} 69. Ke8 {[%emt 0:01:25]} Re1+ {[%emt 0:00:06]} 70. Kd8 {[%emt 0:00:17]} Rd1+ {[%emt 0:00:50]} 71. Kc8 {[%emt 0:00:06]} Rf1 {[%emt 0:00:43]} 72. h7 {[%emt 0:00:03]} Rxf7 {[%emt 0:00:08]} 73. h8=Q {[%emt 0:00:03]} Ra7 {[%emt 0:00:28]} 74. Qb2 {[%emt 0:00:24]} Ra5 {[%emt 0:00:12]} 75. Qb3+ {[%emt 0:00:23]} Kc5 {[%emt 0:00:01]} 76. a4 {[%emt 0:00:17]} Kc6 {[%emt 0:00:23]} 77. Qc4+ {[%emt 0:00:50]} Kd6 {[%emt 0:00:01]} 78. Qc7+ {[%emt 0:00:06]} 1-0

[Event "POL-ch Women MOKATE 2020"]
[Site "Ostrow Wielkopolski"]
[Date "2020.08.11"]
[Round "8.1"]
[White "Kucharska, Honorata"]
[Black "Socko, Monika"]
[Result "1/2-1/2"]
[WhiteElo "2113"]
[BlackElo "2428"]
[Annotator "ChessBase"]
[PlyCount "89"]
[EventDate "2020.08.04"]
[EventType "tourn"]
[EventCountry "POL"]
[SourceTitle "playchess.com"]
[Source "ChessBase"]
[SourceQuality "1"]
[TimeControl "40/5400+30:1800+30"]

1. d4 {[%emt 0:00:00]} Nf6 {[%emt 0:00:00]} 2. c4 {[%emt 0:00:00]} g6 {[%emt 0:00:00]} 3. Nf3 {[%emt 0:00:01]} Bg7 {[%emt 0:00:00]} 4. g3 {[%emt 0:00:07]} O-O {[%emt 0:01:00]} 5. Bg2 {[%emt 0:00:25]} d6 {[%emt 0:00:05]} 6. O-O {[%emt 0:00:17]} Nc6 {[%emt 0:00:04]} 7. Nc3 {[%emt 0:00:43]} Bg4 {[%emt 0:00:14]} 8. d5 {[%emt 0:01:15]} Bxf3 {[%emt 0:04:23]} 9. exf3 {[%emt 0:01:35]} Na5 {[%emt 0:00:45]} 10. Qd3 {[%emt 0:03:31]} c5 {[%emt 0:08:52]} 11. b3 {[%emt 0:06:18]} a6 {[%emt 0:00:22]} 12. Bb2 {[%emt 0:03:55]} Rb8 {[%emt 0:00:21]} 13. Rfe1 {[%emt 0:03:26]} b5 {[%emt 0:10:41]} 14. cxb5 {[%emt 0:04:37]} axb5 {[%emt 0:00:07]} 15. Nxb5 {[%emt 0:01:30]} Nxd5 {[%emt 0:07:11]} 16. Bxg7 {[%emt 0:03:55]} Kxg7 {[%emt 0:00:05]} 17. Qxd5 {[%emt 0:10:04]} Rxb5 {[%emt 0:00:14]} 18. f4 {[%emt 0:00:32]} e6 {[%emt 0:18:04]} 19. Qd3 {[%emt 0:02:16]} Qb6 {[%emt 0:01:35]} 20. Qc3+ {[%emt 0:03:29]} Kg8 {[%emt 0:00:34]} 21. h4 {[%emt 0:03:39]} d5 {[%emt 0:04:38]} 22. h5 {[%emt 0:05:40]} Nc6 {[%emt 0:03:18]} 23. Qf6 {[%emt 0:04:33]} Qd8 {[%emt 0:08:17]} 24. Rxe6 {[%emt 0:03:54]} fxe6 {[%emt 0:00:08]} 25. Qxe6+ {[%emt 0:00:03]} Kg7 {[%emt 0:00:24]} 26. Qxc6 {[%emt 0:00:06]} Qf6 {[%emt 0:00:56]} 27. Qxb5 {[%emt 0:00:57]} Qxa1+ {[%emt 0:00:05]} 28. Kh2 {[%emt 0:00:11]} Qd4 {[%emt 0:00:50]} 29. Qd7+ {[%emt 0:01:20]} Kh6 {[%emt 0:00:17]} 30. hxg6 {[%emt 0:08:08]} hxg6 {[%emt 0:00:04]} 31. Kg1 {[%emt 0:08:01]} Qd1+ {[%emt 0:07:29]} 32. Bf1 {[%emt 0:00:37]} d4 {[%emt 0:02:54]} 33. Kg2 {[%emt 0:02:34]} Qc2 {[%emt 0:01:54]} 34. Qe7 {[%emt 0:03:32]} Qf5 {[%emt 0:01:54]} 35. Bd3 {[%emt 0:00:20]} Qd5+ {[%emt 0:16:19]} 36. Kg1 {[%emt 0:02:44]} Rf7 {[%emt 0:01:24]} 37. Qe8 {[%emt 0:00:26]} Rg7 {[%emt 0:01:22]} 38. Qh8+ {[%emt 0:01:17]} Rh7 {[%emt 0:00:01]} 39. Qf6 {[%emt 0:06:26]} Qh5 {[%emt 0:00:47]} 40. f3 {[%emt 0:00:00]} Rg7 {[%emt 0:00:00]} 41. Kg2 {[%emt 0:02:02]} Kh7 {[%emt 0:00:56]} 42. g4 {[%emt 0:00:57]} Qh6 {[%emt 0:00:47]} 43. a4 {[%emt 0:00:30]} Rb7 {[%emt 0:02:21]} 44. Be4 {[%emt 0:05:11]} Ra7 {[%emt 0:05:13]} 45. Bd3 {[%emt 0:02:26]} 1/2-1/2

[Event "POL-ch Women MOKATE 2020"]
[Site "Ostrow Wielkopolski"]
[Date "2020.08.11"]
[Round "8.2"]
[White "Kulon, Klaudia"]
[Black "Majdan, Joanna"]
[Result "0-1"]
[WhiteElo "2336"]
[BlackElo "2325"]
[Annotator "ChessBase"]
[PlyCount "96"]
[EventDate "2020.08.04"]
[EventType "tourn"]
[EventCountry "POL"]
[SourceTitle "playchess.com"]
[Source "ChessBase"]
[SourceQuality "1"]
[TimeControl "40/5400+30:1800+30"]

1. d4 {[%emt 0:00:00]} d5 {[%emt 0:00:03]} 2. Nf3 {[%emt 0:00:00]} e6 {[%emt 0:00:22]} 3. Bf4 {[%emt 0:00:44]} Nf6 {[%emt 0:00:05]} 4. e3 {[%emt 0:00:27]} Bd6 {[%emt 0:00:05]} 5. Bg3 {[%emt 0:01:14]} O-O {[%emt 0:00:07]} 6. Nbd2 {[%emt 0:00:32]} b6 {[%emt 0:00:56]} 7. Ne5 {[%emt 0:05:17]} c5 {[%emt 0:03:15]} 8. c3 {[%emt 0:00:04]} Bb7 {[%emt 0:00:28]} 9. Bd3 {[%emt 0:05:58]} Qc7 {[%emt 0:05:38]} 10. f4 {[%emt 0:02:11]} c4 {[%emt 0:03:49]} 11. Bc2 {[%emt 0:00:34]} b5 {[%emt 0:00:46]} 12. Qb1 {[%emt 0:06:11]} g6 {[%emt 0:04:37]} 13. Bh4 {[%emt 0:01:51]} Ne8 {[%emt 0:02:49]} 14. O-O {[%emt 0:10:32]} Nc6 {[%emt 0:04:13]} 15. e4 {[%emt 0:02:58]} f5 {[%emt 0:00:44]} 16. exf5 {[%emt 0:00:53]} exf5 {[%emt 0:00:25]} 17. Ndf3 {[%emt 0:00:40]} Be7 {[%emt 0:06:30]} 18. Qe1 {[%emt 0:03:29]} Bxh4 {[%emt 0:05:10]} 19. Qxh4 {[%emt 0:00:04]} Nf6 {[%emt 0:02:16]} 20. h3 {[%emt 0:04:57]} Ne4 {[%emt 0:03:47]} 21. g4 {[%emt 0:04:44]} fxg4 {[%emt 0:03:03]} 22. Bxe4 {[%emt 0:02:02]} dxe4 {[%emt 0:00:35]} 23. Ng5 {[%emt 0:00:35]} Nxe5 {[%emt 0:14:03]} 24. fxe5 {[%emt 0:00:45]} e3 {[%emt 0:05:33]} 25. Rae1 {[%emt 0:07:27]} h5 {[%emt 0:08:51]} 26. Rxe3 {[%emt 0:02:11]} Rxf1+ {[%emt 0:02:32]} 27. Kxf1 {[%emt 0:00:03]} gxh3 {[%emt 0:02:41]} 28. Qxh3 {[%emt 0:02:24]} Rf8+ {[%emt 0:00:19]} 29. Ke1 {[%emt 0:00:56]} Rf5 {[%emt 0:00:26]} 30. Qg3 {[%emt 0:01:37]} Qe7 {[%emt 0:03:53]} 31. Ne4 {[%emt 0:01:03]} Kg7 {[%emt 0:01:03]} 32. Nd6 {[%emt 0:00:51]} Rg5 {[%emt 0:00:50]} 33. Qf2 {[%emt 0:00:59]} Bc6 {[%emt 0:02:24]} 34. Nc8 {[%emt 0:05:21]} Qe6 {[%emt 0:01:53]} 35. Nxa7 {[%emt 0:01:28]} Rf5 {[%emt 0:01:18]} 36. Qh4 {[%emt 0:03:50]} Be8 {[%emt 0:03:15]} 37. Qd8 {[%emt 0:05:47]} Qf7 {[%emt 0:01:17]} 38. Qh4 {[%emt 0:04:38]} Qxa7 {[%emt 0:00:40]} 39. a3 {[%emt 0:00:02]} Qf7 {[%emt 0:00:53]} 40. e6 {[%emt 0:00:00]} Qf6 {[%emt 0:00:00]} 41. Qh3 {[%emt 0:02:31]} g5 {[%emt 0:02:01]} 42. Qg2 {[%emt 0:01:31]} g4 {[%emt 0:08:06]} 43. a4 {[%emt 0:03:08]} bxa4 {[%emt 0:00:30]} 44. d5 {[%emt 0:00:14]} Qg5 {[%emt 0:02:31]} 45. Ke2 {[%emt 0:02:36]} Rxd5 {[%emt 0:00:35]} 46. Qg3 {[%emt 0:00:20]} Qf5 {[%emt 0:00:25]} 47. Qc7+ {[%emt 0:00:39]} Kg6 {[%emt 0:00:07]} 48. Qxc4 {[%emt 0:00:12]} Bb5 {[%emt 0:00:09]} 0-1

[Event "POL-ch Women MOKATE 2020"]
[Site "Ostrow Wielkopolski"]
[Date "2020.08.11"]
[Round "8.3"]
[White "Antolak, Julia"]
[Black "Waszczuk, Patrycja"]
[Result "1/2-1/2"]
[WhiteElo "2323"]
[BlackElo "2321"]
[Annotator "ChessBase"]
[PlyCount "61"]
[EventDate "2020.08.04"]
[EventType "tourn"]
[EventCountry "POL"]
[SourceTitle "playchess.com"]
[Source "ChessBase"]
[SourceQuality "1"]
[TimeControl "40/5400+30:1800+30"]

1. e4 {[%emt 0:00:00]} c5 {[%emt 0:00:00]} 2. Nf3 {[%emt 0:00:00]} Nc6 {[%emt 0:00:00]} 3. d4 {[%emt 0:00:00]} cxd4 {[%emt 0:00:00]} 4. Nxd4 {[%emt 0:00:00]} e6 {[%emt 0:00:00]} 5. Nc3 {[%emt 0:00:05]} a6 {[%emt 0:00:00]} 6. Nxc6 {[%emt 0:00:44]} bxc6 {[%emt 0:00:29]} 7. e5 {[%emt 0:00:04]} Qc7 {[%emt 0:00:11]} 8. Bf4 {[%emt 0:00:09]} Bb4 {[%emt 0:07:40]} 9. Bd3 {[%emt 0:00:59]} Ne7 {[%emt 0:02:57]} 10. O-O {[%emt 0:00:58]} Bxc3 {[%emt 0:01:10]} 11. bxc3 {[%emt 0:00:04]} c5 {[%emt 0:04:07]} 12. Qg4 {[%emt 0:07:11]} Bb7 {[%emt 0:01:20]} 13. Rae1 {[%emt 0:06:02]} Ng6 {[%emt 0:12:50]} 14. Bg3 {[%emt 0:09:52]} h5 {[%emt 0:05:05]} 15. Qg5 {[%emt 0:07:53]} h4 {[%emt 0:02:44]} 16. Bxg6 {[%emt 0:03:24]} hxg3 {[%emt 0:01:37]} 17. Be4 {[%emt 0:18:33]} gxh2+ {[%emt 0:01:47]} 18. Kh1 {[%emt 0:00:05]} Bxe4 {[%emt 0:01:53]} 19. Rxe4 {[%emt 0:01:20]} g6 {[%emt 0:06:43]} 20. Rfe1 {[%emt 0:03:39]} Qd8 {[%emt 0:03:27]} 21. Qe3 {[%emt 0:06:16]} d5 {[%emt 0:05:06]} 22. exd6 {[%emt 0:03:14]} Qxd6 {[%emt 0:00:13]} 23. Qg5 {[%emt 0:02:01]} Qe7 {[%emt 0:09:24]} 24. Qe5 {[%emt 0:02:05]} Rh7 {[%emt 0:01:16]} 25. Qg3 {[%emt 0:09:57]} Rd8 {[%emt 0:04:46]} 26. Qf3 {[%emt 0:01:42]} Rh5 {[%emt 0:03:08]} 27. Re5 {[%emt 0:02:19]} Rxe5 {[%emt 0:01:39]} 28. Rxe5 {[%emt 0:00:02]} Qd6 {[%emt 0:01:22]} 29. Qf6 {[%emt 0:02:50]} Qd1+ {[%emt 0:05:03]} 30. Kxh2 {[%emt 0:00:06]} Rd5 {[%emt 0:01:11]} 31. c4 {[%emt 0:07:56]} 1/2-1/2

[Event "POL-ch Women MOKATE 2020"]
[Site "Ostrow Wielkopolski"]
[Date "2020.08.11"]
[Round "8.4"]
[White "Sliwicka, Alicja"]
[Black "Kubicka, Anna"]
[Result "1-0"]
[WhiteElo "2317"]
[BlackElo "2256"]
[Annotator "TA"]
[PlyCount "131"]
[EventDate "2020.08.04"]
[EventType "tourn"]
[EventCountry "POL"]
[SourceTitle "playchess.com"]
[Source "ChessBase"]
[SourceQuality "1"]

{[%evp 10,131,39,20,12,19,33,1,24,13,26,0,0,0,10,0,22,2,25,27,19,10,25,12,25,18,22,16,21,21,24,13,48,16,18,17,17,16,45,39,42,46,43,72,60,17,16,16,56,24,21,0,0,0,13,0,0,0,0,0,16,20,341,245,793,783,595,527,1199,1079,1549,1529,12829,12831,7125,0,0,0,0,0,0,0,0,0,0,0,0,0,0,0,0,0,12840,0,0,0,0,0,0,0,0,0,12840,12840,12841,12841,12842,12843,12843,12843,12844,12844,12845,12845,12848,12848,12849,12849,12850,29984,12851,27999,12851,27999]} 1. e4 c6 2. d4 d5 3. Nc3 dxe4 4. Nxe4 Nf6 5. Nxf6+ exf6 6. Be3 Bd6 {B15: Caro-Kann: 3 Nc3: 3...g6 and 3...dxe4 4 Nxe4 Nf6 5 Nxf6+ exf6.} 7. Bd3 O-O 8. Ne2 (8. c3 {keeps more tension.} f5 9. Ne2 Qc7 10. g3 Nd7 11. O-O) 8... Re8 {The position is equal.} 9. Qd2 Nd7 10. O-O-O Nf8 11. h4 {[#]} Be6 $146 ({Predecessor:} 11... a5 12. h5 Be6 13. c4 Qd7 14. Qc2 b5 15. c5 Bc7 16. Kb1 Rad8 17. b3 Rb8 {1-0 (41) Havasi,J (2236)-Kral,P (2238) Hungary 2010}) 12. Kb1 Bc7 13. c4 b5 14. d5 cxd5 15. cxd5 Qxd5 {[#]} 16. Bxh7+ $1 {[%mdl 512]} Kxh7 (16... Nxh7 17. Qxd5) 17. Qxd5 Bxd5 18. Rxd5 a6 19. Rc1 Be5 20. Nf4 Red8 21. Rc6 (21. Rcd1 $5 {[%cal Rd5d8]} Re8 22. Nd3 $14) 21... Rxd5 22. Nxd5 Rd8 23. Nc3 Rd6 24. Rxd6 Bxd6 $14 {[%mdl 4096] Endgame KBN-KBN} 25. Ne4 Bc7 26. Nc5 a5 27. Kc2 (27. b4 $5) 27... Ng6 28. g3 Ne7 29. Nb3 Nc6 30. Nd4 Nxd4+ 31. Bxd4 $11 {KB-KB} Kg6 32. g4 f5 $1 {[%cal Rf5g4]} 33. gxf5+ Kxf5 34. Bxg7 Kg4 35. Bf6 Bb6 $2 {[%mdl 8192]} (35... Bd6 $11 {and Black has nothing to worry.}) 36. f3+ $1 $18 Kh5 $2 (36... Kf5) 37. Kb3 $1 Kg6 38. Be7 Bd4 39. Bd8 $1 {[%cal Rd8a5]} a4+ 40. Kb4 Bxb2 41. Kxb5 a3 42. Kc4 $2 (42. Be7 $18 {aiming for Ka4.} Kh5 43. Ka4) 42... Kh5 $11 43. Kd5 Bc3 44. Be7 Bb2 $1 45. Kd6 f6 46. Ke6 Kxh4 47. f4 Kg4 48. f5 Kg5 $1 49. Bd8 {Strongly threatening Be7.} Bc3 50. Bb6 {Hoping for Bc5.} Bb2 $2 {[%mdl 8192]} (50... Kf4 $11) 51. Bc5 $2 (51. Bc7 $18 Kg4 52. Bd8) 51... Kg4 52. Bb4 Kf4 53. Be7 Kg5 54. Bd6 {Threatens to win with Be7.} Kg4 55. Bc7 {Bd8 is the strong threat.} Kg5 $2 {[%mdl 8192]} (55... Bd4 $11) 56. Ba5 $18 Kf4 57. Bd8 $1 {[%cal Rd8f6]} Ke4 58. Bxf6 Kd3 {[#]} 59. Be5 $1 Ke4 60. Bd6 Kd3 {[#]} 61. Kd5 $1 Bc1 62. f6 {Threatening mate with f7.} Kc2 63. f7 Bh6 64. Bxa3 Kb1 65. Bc1 Bf8 66. a4 {Accuracy: White = 88%, Black = 69%.} 1-0